LEADER 00846nam0-22003011i-450- 001 990002002480403321 005 20040429145330.0 035 $a000200248 035 $aFED01000200248 035 $a(Aleph)000200248FED01 035 $a000200248 100 $a20030910d1958----km-y0itay50------ba 101 0 $aita 102 $aIT 105 $ay---a---001yy 200 1 $aAnatomia comparata$emorfologia animale comparata, ecologica e sperimentale$fAlberto Stefanelli 210 $aRoma$cEdizioni dell'Ateneo$d1958 215 $a2 v.$d24 cm 610 0 $aAnatomia comparata 676 $a596.04 700 1$aStefanelli,$bAlberto$084580 801 0$aIT$bUNINA$gRICA$2UNIMARC 901 $aBK 912 $a990002002480403321 952 $a61 II B.2/14-15$b1292$fDAGEN 959 $aDAGEN 996 $aAnatomia comparata$9403194 997 $aUNINA LEADER 03633nam 22005415 450 001 9910300304903321 005 20251116230330.0 010 $a3-319-54798-4 024 7 $a10.1007/978-3-319-54798-5 035 $a(CKB)4340000000223206 035 $a(DE-He213)978-3-319-54798-5 035 $a(MiAaPQ)EBC5162988 035 $a(PPN)221253874 035 $a(EXLCZ)994340000000223206 100 $a20171126d2018 u| 0 101 0 $aeng 135 $aurnn|008mamaa 181 $ctxt$2rdacontent 182 $cc$2rdamedia 183 $acr$2rdacarrier 200 10$aAtlas of Fetal Ultrasound $eNormal Imaging and Malformations /$fby Victor Bunduki, Marcelo Zugaib 205 $a1st ed. 2018. 210 1$aCham :$cSpringer International Publishing :$cImprint: Springer,$d2018. 215 $a1 online resource (IX, 261 p. 966 illus., 122 illus. in color.) 311 08$a3-319-54797-6 327 $aChapter 1 Normal Fetal Morphological Ultrasound -- Chapter 2 The Fetus at the First Trimester -- Chapter 3 Central Nervous System Abnormalities -- Chapter 4 Neural Tube Defects -- Chapter 5 Ultrasound Evaluation of Fetal Face -- Chapter 6 The Fetal Heart Standpoint of General Sonographer -- Chapter 7 Fetal Echocardiography -- Chapter 8 Noncardiac Thoracic Malformations -- Chapter 9 The Fetal Abdomen -- Chapter 10 Urinary Tract -- Chapter 11 Genitals -- Chapter 12 Skeletal and Limbs -- Chapter 13 Soft Tissues -- Chapter 14 Umbilical Cord and Placenta -- Chapter 15 Ultrasound in Fetal Infections -- Chapter 16 Multiple Gestation -- Chapter17 Fetal Aneuploidies -- Chapter 18 Invasive Procedures in Fetal Medicine -- Chapter 19 Three-Dimensional Ultrasound -- Chapter 20 Doppler Ultrasound in Obstetrics. . 330 $aThe present book is an illustrated guide on fetal medicine, including a wealth of normal and pathological/malformations ultrasound images, throughout the whole pregnancy. Thus, the book intends to fill two gaps in once: The lack of a material discussing the basic principles of fetal ultrasound, which are the basement for a more efficient learning in fetal medicine. . The need for a thorough approach in fetal medicine, presenting both normal and pathological imaging, allowing a detailed evaluation of clinical conditions of importance in prenatal care and follow up. The Atlas of Ultrasound Imaging is an up to date guide to all obstetricians, gynecologists and pediatricians who intend to upgrade their knowledge in fetal medicine, as well as to any other professional, professor, student or research interested in fetal ultrasound. . 606 $aObstetrics 606 $aRadiology 606 $aPediatrics 606 $aObstetrics/Perinatology/Midwifery$3https://scigraph.springernature.com/ontologies/product-market-codes/H26014 606 $aUltrasound$3https://scigraph.springernature.com/ontologies/product-market-codes/H29064 606 $aDiagnostic Radiology$3https://scigraph.springernature.com/ontologies/product-market-codes/H29013 606 $aPediatrics$3https://scigraph.springernature.com/ontologies/product-market-codes/H49006 615 0$aObstetrics. 615 0$aRadiology. 615 0$aPediatrics. 615 14$aObstetrics/Perinatology/Midwifery. 615 24$aUltrasound. 615 24$aDiagnostic Radiology. 615 24$aPediatrics. 676 $a618.2 700 $aBunduki$b Victor$4aut$4http://id.loc.gov/vocabulary/relators/aut$0784099 702 $aZugaib$b Marcelo$4aut$4http://id.loc.gov/vocabulary/relators/aut 906 $aBOOK 912 $a9910300304903321 996 $aAtlas of Fetal Ultrasound$92240085 997 $aUNINA